000 01028cad a22002415a 4500
001 E151716
008 101206s2010 xxk f 100 0 eng d
020 _a9781842196199
035 _a(Sirsi) u151716
041 0 _aeng
100 1 _aLasserre, Christian
111 2 _aConstruction and Building Research Conference
_cDauphine Universite, Paris
_d2-3 September 2010
245 0 0 _aCapitale europeenne et valeurs immobilieres de 1970 a 2010 a Bruxelles
_bla destruction de valeurs reflete-t-elle l'inadequation entre les besoins des occupants et les batiments?
_h[electronic resource]
260 _aLondon
_bRICS
_c2010
520 _aA paper presented at the COBRA Conference in Paris on 2-3 September 2010.
590 _aKA
650 2 4 _aCONSTRUCTION AND BUILDING RESEARCH CONFERENCE (COBRA)
651 4 _aBelgium
690 _aPROPERTY-PROPERTY MARKET
700 1 _aBohlke, Anders
856 4 0 _uhttps://www.rics.org/site/scripts/download_info.aspx?fileID=7902&categoryID=720
_zBroken link - not available
942 _n0
999 _c111564
_d111564